000 01169nac a22003737a 4500
001 BR0703481
003 BR-BrBNA
005 20240105123427.0
008 230509b bl.|||m| |||| 00| 0 por d
040 _aBR-BrBNA
_bpor
_cBiblioteca Nacional de Agricultura
072 _aE16; E70
090 _a0960 BR0703481
100 1 _aHoffmann, A.
100 1 _aSebben, S. de S.
110 1 _aEMBRAPA Uva e Vinho, Bento Gonçalves, RS (Brasil)
111 1 _a1. Seminário Brasileiro sobre Pequenas Frutas
_cVacaria, RS (Brazil)
_d22 May 2003
245 1 _a1. Seminário Brasileiro sobre Pequenas Frutas. Anais
260 3 _aBento Gonçalves, RS (Brasil):
_c2003.
300 _a64 p.
490 _aDocumentos - EMBRAPA Uva e Vinho (Brazil)
_vno. 37
_xISSN 1516-8107
500 _aSeveral bibliography; 6 tables
650 _aMORANGO
650 _aAMORA
650 _aFRAMBOESA
650 _aMIRTILO
650 _aDEFICIÊNCIA MINERAL
650 _aESTATÍSTICA DE PRODUÇÃO
650 _aVÍRUS
650 _aMERCADO NACIONAL
650 _aMUDA
650 _aIMPORTAÇÃO
909 _a202312
_bLúcia Elande
_c55
_dLúcia Elande
942 _2AGRIS
_n0
_cMS
999 _c295398
_d295398